| 000 -LEADER |
| fixed length control field |
00797cam a2200241 a 4500 |
| 003 - CONTROL NUMBER IDENTIFIER |
| control field |
OSt |
| 005 - DATE AND TIME OF LATEST TRANSACTION |
| control field |
20200312061942.0 |
| 008 - FIXED-LENGTH DATA ELEMENTS--GENERAL INFORMATION |
| fixed length control field |
051118s2005 ii a b 001 0 eng |
| 020 ## - INTERNATIONAL STANDARD BOOK NUMBER |
| International Standard Book Number |
9788175083714 |
| 040 ## - CATALOGING SOURCE |
| Original cataloging agency |
DLC |
| Transcribing agency |
DLC |
| 043 ## - GEOGRAPHIC AREA CODE |
| Geographic area code |
a-ii--- |
| 082 ## - DEWEY DECIMAL CLASSIFICATION NUMBER |
| Classification number |
915.44 |
| Item number |
NAT |
| 100 1# - MAIN ENTRY--PERSONAL NAME |
| Personal name |
Nath, Aman. |
| 245 10 - TITLE STATEMENT |
| Title |
Brahma's Pushkar : |
| Remainder of title |
ancient Indian pilgrimage / |
| Statement of responsibility, etc |
text & design, Aman Nath ; photographs, Rajan Kapoor. |
| 260 ## - PUBLICATION, DISTRIBUTION, ETC. (IMPRINT) |
| Place of publication, distribution, etc |
Mumbai : |
| Name of publisher, distributor, etc |
India Book House, |
| Date of publication, distribution, etc |
c2005. |
| 300 ## - PHYSICAL DESCRIPTION |
| Extent |
204 p. : |
| Other physical details |
col. ill. ; |
| Dimensions |
33 cm. |
| 504 ## - BIBLIOGRAPHY, ETC. NOTE |
| Bibliography, etc |
Includes bibliographical references (p. 200) and index. |
| 650 #0 - SUBJECT ADDED ENTRY--TOPICAL TERM |
| Topical term or geographic name as entry element |
Pushkara Tīrtha (Pushkar, India) |
| 650 #0 - SUBJECT ADDED ENTRY--TOPICAL TERM |
| Topical term or geographic name as entry element |
Hindu pilgrims and pilgrimages |
| Geographic subdivision |
India |
| -- |
Pushkar. |
| 651 #0 - SUBJECT ADDED ENTRY--GEOGRAPHIC NAME |
| Geographic name |
Pushkar (India) |
| General subdivision |
Description and travel. |
| 700 1# - ADDED ENTRY--PERSONAL NAME |
| Personal name |
Kapoor, Rajan. |
| 942 ## - ADDED ENTRY ELEMENTS (KOHA) |
| Source of classification or shelving scheme |
|